{"text_format":"2","workbook":"xlsx","n_sheets":3,"sheets":["东门店","西门店 ","销售汇总"],"not_rendered":{"charts":0,"images":0,"macros":0,"external_links":0,"defined_names":1,"comments":0,"pivot_tables":0},"unopened":[],"bounds":{"document_bytes":16777216,"sheet_cells":100000,"run_cost":"one","rows_first":2000,"rows_last":500,"rows_between":2000,"halvings":0,"cell_chars":16384,"cell_head_chars":4096},"cells_cut":0,"cells_raw":0,"read":"whole","date_system":"1900"}

{"sheet":"东门店","index":0,"n_rows":17,"n_cols":8,"rows_kept":17,"cut":false,"hidden":false,"merged":[[0,0,0,7]]}
["兴科电器东门店2007年销售额"]
["序号","销售店","产品名称","规格型号","销售数量","单位","单价","销售额"]
[1,"东门店","炒锅","爱仕达ASD蜂巢不粘炒锅A8536",330,"只",118,{"$f":"E3*G3","v":38940}]
[2,"东门店","微波炉","美的JT-80L",63,"台",420,26460]
[3,"东门店","台灯","若雅调光台灯",160,"台",75,12000]
[4,"东门店","电饭锅","松下SR-C15EH",222,"只",168,37296]
[5,"东门店","风扇","熊猫牌16寸落地扇",430,"台",50,21500]
[6,"东门店","电冰箱","美凌786FD2（双体）",23,"台",1280,29440]
[7,"东门店","抽油烟机","华帝CXW-120-4",53,"台",666,35298]
[8,"东门店","煤气罐","加德士煤气罐A型",340,"只",38,12920]
[9,"东门店","电视机","康佳T2573S",10,"台",1350,13500]
[10,"东门店","空调机","格力KF-26GW/K（2638）B",17,"台",2300,39100]
[11,"东门店","电热水器","阿里斯顿TURBO GB40（30升）",32,"台",580,18560]
[12,"东门店","电冰箱","华凌BCD-175HC",24,"台",2888,69312]
[13,"东门店","洗衣机","金羚 XQB50-418G",36,"台",466,16776]
[14,"东门店","台式燃气灶","华帝旋之火96XB",29,"台",720,20880]
[15,"东门店","电热水壶","天际 ZDH-110A",58,"只",88,5104]

{"sheet":"西门店 ","index":1,"n_rows":17,"n_cols":8,"rows_kept":17,"cut":false,"hidden":false,"merged":[[0,0,0,7]]}
["兴科电器东门店2007年销售额"]
["序号","销售店","产品名称","规格型号","销售数量","单位","单价","销售额"]
[1,"西门店","炒锅","爱仕达ASD蜂巢不粘炒锅A8536",230,"只",118,{"$f":"E3*G3","v":27140}]
[2,"西门店","微波炉","美的JT-80L",163,"台",420,68460]
[3,"西门店","台灯","若雅调光台灯",160,"台",75,12000]
[4,"西门店","电饭锅","松下SR-C15EH",322,"只",168,54096]
[5,"西门店","风扇","熊猫牌16寸落地扇",230,"台",50,11500]
[6,"西门店","电冰箱","美凌786FD2（双体）",98,"台",1280,125440]
[7,"西门店","抽油烟机","华帝CXW-120-4",53,"台",666,35298]
[8,"西门店","煤气罐","加德士煤气罐A型",345,"只",38,13110]
[9,"西门店","电视机","康佳T2573S",20,"台",1350,27000]
[10,"西门店","空调机","格力KF-26GW/K（2638）B",8,"台",2300,18400]
[11,"西门店","电热水器","阿里斯顿TURBO GB40（30升）",32,"台",580,18560]
[12,"西门店","电冰箱","华凌BCD-175HC",24,"台",2888,69312]
[13,"西门店","洗衣机","金羚 XQB50-418G",56,"台",466,26096]
[14,"西门店","台式燃气灶","华帝旋之火96XB",29,"台",720,20880]
[15,"西门店","电热水壶","天际 ZDH-110A",28,"只",88,2464]

{"sheet":"销售汇总","index":2,"n_rows":35,"n_cols":7,"rows_kept":35,"cut":false,"hidden":false,"merged":[[0,0,0,6]]}
["兴科电器2007年销售汇总"]
["销售店","产品名称","规格型号","销售数量","单位","单价","销售额"]
["东门店","电冰箱","华凌BCD-175HC",24,"台",2888,{"$f":"D3*F3","v":69312}]
["东门店","空调机","格力KF-26GW/K（2638）B",17,"台",2300,39100]
["东门店","炒锅","爱仕达ASD蜂巢不粘炒锅A8536",330,"只",118,38940]
["东门店","电饭锅","松下SR-C15EH",222,"只",168,37296]
["东门店","抽油烟机","华帝CXW-120-4",53,"台",666,35298]
["东门店","电冰箱","美凌786FD2（双体）",23,"台",1280,29440]
["东门店","微波炉","美的JT-80L",63,"台",420,26460]
["东门店","风扇","熊猫牌16寸落地扇",430,"台",50,21500]
["东门店","台式燃气灶","华帝旋之火96XB",29,"台",720,20880]
["东门店","电热水器","阿里斯顿TURBO GB40（30升）",32,"台",580,18560]
["东门店","洗衣机","金羚 XQB50-418G",36,"台",466,16776]
["东门店","电视机","康佳T2573S",10,"台",1350,13500]
["东门店","煤气罐","加德士煤气罐A型",340,"只",38,12920]
["东门店","台灯","若雅调光台灯",160,"台",75,12000]
["东门店","电热水壶","天际 ZDH-110A",58,"只",88,5104]
["东门店 汇总",{"$nulls":5},{"$f":"SUBTOTAL(9,G3:G17)","v":397086}]
["西门店","电冰箱","美凌786FD2（双体）",98,"台",1280,{"$f":"D19*F19","v":125440}]
["西门店","电冰箱","华凌BCD-175HC",24,"台",2888,69312]
["西门店","微波炉","美的JT-80L",163,"台",420,68460]
["西门店","电饭锅","松下SR-C15EH",322,"只",168,54096]
["西门店","抽油烟机","华帝CXW-120-4",53,"台",666,35298]
["西门店","炒锅","爱仕达ASD蜂巢不粘炒锅A8536",230,"只",118,27140]
["西门店","电视机","康佳T2573S",20,"台",1350,27000]
["西门店","洗衣机","金羚 XQB50-418G",56,"台",466,26096]
["西门店","台式燃气灶","华帝旋之火96XB",29,"台",720,20880]
["西门店","电热水器","阿里斯顿TURBO GB40（30升）",32,"台",580,18560]
["西门店","空调机","格力KF-26GW/K（2638）B",8,"台",2300,18400]
["西门店","煤气罐","加德士煤气罐A型",345,"只",38,13110]
["西门店","台灯","若雅调光台灯",160,"台",75,12000]
["西门店","风扇","熊猫牌16寸落地扇",230,"台",50,11500]
["西门店","电热水壶","天际 ZDH-110A",28,"只",88,2464]
["西门店 汇总",{"$nulls":5},{"$f":"SUBTOTAL(9,G19:G33)","v":529756}]
["总计",{"$nulls":5},{"$f":"SUBTOTAL(9,G3:G33)","v":926842}]